Gaming Quiz

Random Gaming or Minecraft Quiz

Minecraft smelting Quiz Stats

 Plays Quiz not verified by Sporcle

Challenge
Share
Tweet
Embed
Score 0/15 Timer 10:00
0 Plays Today
input output % Correct
raw porkchopcooked porkchop
94.7%
raw chickencooked chicken
88.7%
raw fishcooked fish
86.8%
raw beefsteak
85.4%
iron oreiron ingot
85.4%
gold oregold ingot
84.8%
sandglass
74.2%
cobblestonestone
74.2%
input output % Correct
clay ballbrick
70.9%
coal orecoal
66.2%
wood of any typecharcoal
66.2%
lapis lazuli orelapis
60.3%
cactuscactus green
53.6%
redstone oreredstone dust
43.7%
diamond orediamond gem
27.2%

You're not logged in!

Compare scores with friends on all Sporcle quizzes.
OR
Log In

You Might Also Like...

Show Comments

Extras

Created May 30, 2012ReportNominate
Tags:Minecraft Quiz, input, output

Top Quizzes Today


Score Distribution

Your Account Isn't Verified!

In order to create a playlist on Sporcle, you need to verify the email address you used during registration. Go to your Sporcle Settings to finish the process.

Report this User

Report this user for behavior that violates our Community Guidelines.

Details: